000 00309nam a2200133Ia 4500
008 190723s9999 xx 000 0 und d
020 _a978-93-325-7577-6
100 _aTanenbaum
245 0 _aModern Operating Systems
250 _a4th
260 _aIndia
_bPearson
_c2018
300 _a1101
942 _cBK
999 _c1431
_d1431